000 01174nam a2200313 c 4500
003 BLK
005 20180422105249.0
008 180409b bul|||||r ||||||| ||bul||
010 _aKNG00104394000
020 _a954-607-551-5
_bиздат.: Лик
040 _aBLK
041 _aBUL
_cBUL
080 _aФренска литература
_b821.133.1
_x(493)-31
_z821.133.1(493)-31
100 1 _aБайон, Андре
_eпърви автор
_935426
700 1 _aКапралова, Недка
_eпрев. от фр.
_9371287
139 _aБайон, Андре
_bБ 14
245 1 0 _aИсторията на една Мария
_bРоман
_cАндре Байон; прев. от фр. Недка Капралова.
257 _aBEL
260 София
_bЛик
_c2002
300 _a220 с.
_c20 см
380 _aX
500 _aПрев. по Historie d'une Marie / Andre Baillon. - Офс. изд. - Съдържа и Живот в дати. - Библиогр. под линия.
653 _aромани
852 _aЦб 213210
856 4 _qpdf
_u
856 4 _qpdf
_u
942 _cKNG
_n0
944 _aCR
_c01.01.2002
_kВаля_Йорданова
944 _aED
_c19.02.2004
_k
999 _c99390
_d99390